Communication: (Record no. 14680)

000 -LEADER
fixed length control field 00712nam a2200205 a 4500
001 - CONTROL NUMBER
control field :::00012513$&:&@@
003 - CONTROL NUMBER IDENTIFIER
control field OkBaRHE
005 - DATE AND TIME OF LATEST TRANSACTION
control field 20000607103420.0
008 - FIXED-LENGTH DATA ELEMENTS--GENERAL INFORMATION
fixed length control field s1979 j 000 0 eng u
040 ## - CATALOGING SOURCE
Transcribing agency
100 1# - MAIN ENTRY--PERSONAL NAME
Personal name Wright, H. Norman.
245 10 - TITLE STATEMENT
Title Communication:
Remainder of title key to your marriage--leader's guide.
260 ## - PUBLICATION, DISTRIBUTION, ETC. (IMPRINT)
Place of publication, distribution, etc Glendale, CA., :
Name of publisher, distributor, etc G/L Regal Books
Date of publication, distribution, etc c1979
300 ## - PHYSICAL DESCRIPTION
Extent 63 p. : illus. ;
Dimensions 27 cm.
650 ## - SUBJECT ADDED ENTRY--TOPICAL TERM
Topical term or geographic name as entry element Interpersonal Relations
650 ## - SUBJECT ADDED ENTRY--TOPICAL TERM
Topical term or geographic name as entry element Marriage
942 ## - ADDED ENTRY ELEMENTS (KOHA)
Source of classification or shelving scheme
Koha item type Books
Copies
Barcode Source of classification or shelving scheme Not for loan Copy number Shelving location Lost status Damaged status Date last seen Date acquired Withdrawn status Price effective from Full call number Koha item type Permanent Location
12513  1General Stacks  2010-04-142010-04-14 2010-04-14HQ 734 .W9482BooksRHEMA Bible Training College
15920  2General Stacks  2010-04-142010-04-14 2010-04-14HQ 734 .W9482BooksRHEMA Bible Training College